| 000 | 00593 a2200181 4500 | ||
|---|---|---|---|
| 999 |
_c183183 _d183183 |
||
| 005 | 20220124130051.0 | ||
| 010 | _aENG-130413 | ||
| 020 |
_a97-93-86720-19-1 _c699.00 |
||
| 035 | _aEN-113945 | ||
| 037 | _bDBAD/PUB | ||
| 082 |
_a340 _b1 |
||
| 245 |
_aIAS MAINS LAW: _cEdited By Manoj Vyas |
||
| 260 |
_aGhaziabad _bRathore Publishers & Distributors _c2019 |
||
| 270 |
_aBasement 260, ShaktiKand-III, Indirapuram, Ghazidabad _bUttar Pradesh _e201010 _mrathorepublishers@gmail.com |
||
| 300 |
_a150p. _c22cm (hbk) |
||
| 700 | _a Vyas, Manoj | ||
| 942 |
_adpl _cEN _2ddc _h340 _mIAS |
||